| 000 | 00533 a2200181 4500 | ||
|---|---|---|---|
| 999 |
_c131 _d131 |
||
| 003 | Nust | ||
| 005 | 20170503170415.0 | ||
| 008 | 170503b xxu||||| |||| 00| 0 eng d | ||
| 020 | _a1403903123 | ||
| 040 |
_aDLC _bDLC _c0 |
||
| 082 | _a510.2462 STR | ||
| 100 | 1 | _aStroud, K. A. | |
| 245 | 1 | 0 |
_aAdvanced engineering mathematics _cK.A. Stroud, Dexter J. Booth. |
| 250 | _a4th ed. | ||
| 260 |
_aBasingstoke ; _aNew York : _bPalgrave Macmillan, _c2003. |
||
| 300 |
_axxiv, 1032 p. : _bill. ; _c24 cm. |
||
| 500 | _aIncludes index. | ||
| 650 | 0 | _aEngineering mathematics. | |
| 700 | 1 | 2 | _aStroud, K. A. |
| 700 | 1 | 2 | _aBooth, Dexter J. |
| 942 |
_cBK _k510.2462 STR _2ddc |
||